| 000 | 00910nam a22002297a 4500 | ||
|---|---|---|---|
| 999 |
_c7743 _d7743 |
||
| 003 | AR-CdUCM | ||
| 008 | 190321b ||||| |||| 00| 0 spa d | ||
| 020 | _a84-205-0771-7 | ||
| 040 |
_aMUNICIPALIDAD PROVINCIAL DEL CUSCO _cBIBLIOTECA MUNICIPAL DEL CUSCO |
||
| 082 |
_a512 / _bB23 |
||
| 100 |
_aBarbolla García, R. M. _921879 |
||
| 245 | _aIntroducción al análisis real / | ||
| 260 |
_aMadrid : _bAlhambra, . _c1981. |
||
| 300 |
_a421 paginas ; _c24 cm. |
||
| 505 | _aContenido :El cuerpo de los números reales -- Limites y continuidad de las funciones reales de una variable real -- Las funciones exponencial y logarítmica -- La integral de Riemann -- Las funciones trigonométricas ... | ||
| 650 |
_aAnálisis matemático _920053 |
||
| 650 |
_aNúmeros reales _919907 |
||
| 700 |
_aGarcia Marrero, M. _921880 |
||
| 700 |
_aRoig, J. Margalef y otros _921881 |
||
| 942 |
_2ddc _cLIBROS |
||
| 945 | _arum | ||